000 01070nam a22002177a 4500
001 8694
003 FISKH
005 20251010153329.0
008 251010b cb ||||| |||| 00| 0 eng d
020 _a9780769659688
040 _aFISKH
_beng
_cFISKH
_dFISKH
082 _a372.21
100 _aCherrington, Janelle
245 _aI can color :
_bBig skills for little hands /
260 _aGreensboro :
_bBrighter Child,
_c2009.
300 _a79 pages :
_bcolor illustrations ;
_c28 cm
520 _aBig Skills for Little Hands: I Can Color is an early learning workbook designed to develop fine motor control and pre-writing skills in young children. Through fun, age-appropriate coloring activities, children practice hand–eye coordination, pencil grip, and color recognition — essential foundations for later writing and drawing skills. The book supports early childhood education goals and is ideal for use at home or in preschool classrooms.
650 _aEarly Learning
_vFine Motor Skills
_xColoring Book
_yPreschool
942 _2ddc
_cBK
_n0
999 _c8694
_d8694